Triển khai thí điểm điều trị thay thế bằng Methadone sẽ đồng bộ và hiệu quả /

Bewaard in:
Bibliografische gegevens
Hoofdauteur: Đăng Thanh.
Formaat: Artikel
Taal:Vietnamese
Onderwerpen:
Tags: Voeg label toe
Geen labels, Wees de eerste die dit record labelt!
Thư viện lưu trữ: Thư viện Trường Đại học Đà Lạt
LEADER 00791nam a2200265 4500
001 DLU100110254
005 ##20100802
040 # # |a DLU  |b vie 
041 # # |a vie 
044 # # |a vn 
100 # # |a Đăng Thanh. 
245 # # |a Triển khai thí điểm điều trị thay thế bằng Methadone sẽ đồng bộ và hiệu quả /  |c Đăng Thanh. 
653 # # |a Cai nghiện 
653 # # |a Người nghện ma túy 
653 # # |a Nhiễm bệnh 
773 # # |t AIDS và cộng đồng  |g Số5(112), 2008, tr. 17 
920 # # |a Phòng Tạp chí -- Trung tâm Thông tin - Thư viện Trường Đại học Đà Lạt 
994 # # |a DLU 
900 # # |a True 
911 # # |a Nguyễn Thị Linh Chi 
925 # # |a G 
926 # # |a A 
927 # # |a BB 
980 # # |a Thư viện Trường Đại học Đà Lạt